Truyền thông đại chúng : Công tác biên tập
Spremljeno u:
| Glavni autor: | |
|---|---|
| Format: | Knjiga |
| Jezik: | Undetermined |
| Izdano: |
Hà Nội
Thông Tấn
2003
|
| Teme: | |
| Oznake: |
Dodaj oznaku
Bez oznaka, Budi prvi tko označuje ovaj zapis!
|
| Thư viện lưu trữ: | Trung tâm Học liệu Trường Đại học Cần Thơ |
|---|
| LEADER | 00588nam a2200205Ia 4500 | ||
|---|---|---|---|
| 001 | CTU_60440 | ||
| 008 | 210402s9999 xx 000 0 und d | ||
| 020 | |b 25000 | ||
| 082 | |a 070.41 | ||
| 082 | |b M423 | ||
| 100 | |a Mast, Claudia | ||
| 245 | 0 | |a Truyền thông đại chúng : | |
| 245 | 0 | |b Công tác biên tập | |
| 245 | 0 | |c Claudia Mast; Trần Hậu Thái biên dịch | |
| 260 | |a Hà Nội | ||
| 260 | |b Thông Tấn | ||
| 260 | |c 2003 | ||
| 650 | |a Technical editing | ||
| 904 | |i Minh, Năm | ||
| 980 | |a Trung tâm Học liệu Trường Đại học Cần Thơ | ||